Také malé rozjímanie Hovorí režisér Martin Hollý

Bibliographic Details
Main Authors: Hollý, Martin, 1931-2004 (Author), Blech, Richard, 1930-2017 (Author)
Format: Article
Language:Slovak
PhysicalDescription:Fotogr. 3
Subjects:

MARC

LEADER 00000nab a2200000 a 4500
001 vtls000530549
003 SK-MaSNL
005 20260304214253.0
008 120928c1994 xo 0 slo
015 |a SNBRB19rr/mm-uuuuu 
035 |a CL0530687 
040 |a SNKBUCL  |b slo  |c SNKBUCL  |e AACR2 
041 0 |a slo 
044 |a xo  |c SK 
080 |a 791.44.071.1  |2 1981 
100 1 |a Hollý, Martin,  |d 1931-2004  |4 aut  |9 98605 
245 1 0 |a Také malé rozjímanie  |b Hovorí režisér Martin Hollý  |c Martin Hollý ml., Richard Blech 
300 |b Fotogr. 3 
600 1 7 |a Hollý, Martin,  |d 1931-2004  |2 snkbucl  |9 98605 
655 7 |a články z novín a časopisov  |2 snkbucl  |9 267496 
700 1 |a Blech, Richard,  |d 1930-2017  |4 aut  |9 221735 
773 0 |t Filmová revue  |g Č. 2 (1994), s. 5-9 
850 |a Slovenská národná knižnica v Martine  |a MTA001 
852 |a SNK  |b KIS3GCP 
958 |a RK 
992 |a RBX 
999 |c 3140440  |d 3142370